How to paint for pleasure, (Record no. 27341)

000 -LEADER
fixed length control field 00877cam a22002651 4500
001 - CONTROL NUMBER
control field 7432837
003 - CONTROL NUMBER IDENTIFIER
control field OSt
005 - DATE AND TIME OF LATEST TRANSACTION
control field 20170208101315.0
008 - FIXED-LENGTH DATA ELEMENTS--GENERAL INFORMATION
fixed length control field 750723r19521951nyua 000 0 eng
010 ## - LIBRARY OF CONGRESS CONTROL NUMBER
LC control number 51012759
035 ## - SYSTEM CONTROL NUMBER
System control number (OCoLC)1470270
040 ## - CATALOGING SOURCE
Original cataloging agency DLC
Transcribing agency FJ
Modifying agency OCoLC
-- DLC
042 ## - AUTHENTICATION CODE
Authentication code premarc
050 00 - LIBRARY OF CONGRESS CALL NUMBER
Classification number ND1262
Item number .D8 1952
082 ## - DEWEY DECIMAL CLASSIFICATION NUMBER
Classification number 751.4
100 1# - MAIN ENTRY--PERSONAL NAME
Personal name Dunlop, Ronald Ossory,
Dates associated with a name 1894-
245 10 - TITLE STATEMENT
Title How to paint for pleasure,
Remainder of title a handbook for beginners.
260 ## - PUBLICATION, DISTRIBUTION, ETC. (IMPRINT)
Place of publication, distribution, etc. New York,
Name of publisher, distributor, etc. Pellegrini & Cudahy
Date of publication, distribution, etc. [1952]
300 ## - PHYSICAL DESCRIPTION
Extent 143 p.
Other physical details illus.
Dimensions 22 cm.
500 ## - GENERAL NOTE
General note Published in London in 1951 under title: Painting for pleasure.
650 #0 - SUBJECT ADDED ENTRY--TOPICAL TERM
Topical term or geographic name as entry element Painting
General subdivision Technique.
906 ## - LOCAL DATA ELEMENT F, LDF (RLIN)
a 7
b cbc
c oclcrpl
d u
e ncip
f 19
g y-gencatlg
942 ## - ADDED ENTRY ELEMENTS (KOHA)
Source of classification or shelving scheme
Koha item type Hard Covered Materials
Classification part ND 1262 .D8 1952
Holdings
Withdrawn status Lost status Source of classification or shelving scheme Damaged status Not for loan Home library Current library Shelving location Date acquired Source of acquisition Total Checkouts Full call number Barcode Date last seen Price effective from Koha item type
          MACHAKOS UNIVERSITY LIBRARY MACHAKOS UNIVERSITY LIBRARY Technical section 08/02/2017 Donation(B.F.A)   ND 1262 .D8 1952 33937 07/08/2018 08/02/2017 Hard Covered Materials
© Machakos University Library, Along The Highway, Machakos Wote Rd, Machakos, Kenya P.O. Box 136 - 90100 Machakos - Kenya

Tel: ( +254 ) 723 805829 OR Fax : 044-20353 OR Email: library@mksu.ac.ke